000 01454nam a22003017a 4500
999 _c7436
_d7436
003 AR-CdUCM
008 190320b ||||| |||| 00| 0 spa d
020 _a8441300100
040 _aMUNICIPALIDAD PROVINCIAL DEL CUSCO
_cBIBLIOTECA MUNICIPAL DEL CUSCO
082 _a940.53 /
_bP63
100 _aPitt, Barrie
_920971
245 _aLa segunda guerra mundial :
_bLa batalla del atlántico II /
260 _aBarcelona :
_bEdiciones Folio,
_c1995.
300 _a[94 - 207] páginas ;
_bilustraciones ;
_c30.5 cm.
440 _n10
_910754
505 _aContenido : t.1 : La victoria en Europa I -- t.2 : La victoria en Europa II -- t.3 : El preludio de la guerra I -- t.4 : El preludio de la guerra II -- T.5 : La guerra relámpago I -- t.6 : La guerra relámpago II -- t.7 : La Batalla de Inglaterra I -- t.8 : La Batalla de Inglaterra II -- t.9 : La Batalla del Atlántico I -- t.10 : La Batalla del Atlántico II -- t.11 : La guerra en el Desierto I -- t.12 : La guerra en el Desierto II -- t.13 : El Ejercito Rojo I -- t.14 : El Ejercito Rojo II.
650 _aSegunda guerra mundial
_944019
650 _aHistoria universal
_91423
650 _aBatalla del Atlántico
_920972
700 _aShaw, John
_918159
700 _aCollier, Richard
_918165
700 _aPitt, Barrie
_920971
700 _aMosky, Leonard
_918164
700 _aElson, Robert
_944020
700 _aSimons, Gerald
_918161
942 _2ddc
_cLIBROS
945 _alccs